Computer Sience Source Book (Registro nro. 11826)
[ vista simple ]
| 000 -LÍDER | |
|---|---|
| fixed length control field | 00483nam a2200157 4500 |
| 008 - ELEMENTOS DE LONGITUD FIJA -- INFORMACIÓN GENERAL | |
| fixed length control field | 0 1988 0a 000 0USA |
| 020 ## - NÚMERO INTERNACIONAL NORMALIZADO PARA LIBROS | |
| ISBN | 0-07-045507-4 |
| 050 ## - SIGNATURA TOPOGRAFICA DE LA BIBLIOTECA DEL CONGRESO (LC) | |
| Número de Clasificación | QA76.15 P243 |
| 082 ## - NUMERO DE CLASIFICACION DECIMAL DEWEY | |
| Número de Clasificación | 001.603 P534c |
| 100 ## - ASIENTO PRINCIPAL--NOMBRE PERSONAL | |
| Nombre personal | Parker, Sybil P. |
| 245 ## - TÍTULO | |
| Título | Computer Sience Source Book |
| 260 ## - PUBLICACIÓN, DISTRIBUCIÓN, ETC. (PIE DE IMPRENTA) | |
| Lugar de publicación, distribución, etc. | United States of America : McGraw Hill |
| 300 ## - DESCRIPCIÓN FÍSICA | |
| Extensión | 370 p. / 24 cm. |
| 500 ## - NOTA GENERAL | |
| Nota general | Incluye índice |
| 650 ## - ASIENTO SECUNDARIO DE MATERIA - TERMINO TEMÁTICO | |
| Término temático o nombre geográfico como elemento de entrada | 1.COMPUTER-DICTIONARIES \ 2.ELCTRONIC DATA PROCESSING- DICTIONARIES |
| No. biblioteca | No. biblioteca | Número de clasificación | Código de barras/Número de adquisición | Número de copia | Tipo de material |
|---|---|---|---|---|---|
| LUIS G. INCLAN | LUIS G. INCLAN | 001.603 P534c | 20296 | 1 | Libros |
| LUIS G. INCLAN | LUIS G. INCLAN | 001.603 P534c | 20297 | 2 | Libros |
| LUIS G. INCLAN | LUIS G. INCLAN | 001.603 P534c | 20298 | 3 | Libros |
